000 00639nam a2200277Ia 4500
005 20260324140653.0
008 008 260324s9999 xx 000 0 eng d
020 _a9780203019559
037 _aEBOOK
040 _aCRL
040 _beng
040 _cCRL
041 _2eng
041 _aeng
084 _qCRL
100 _aFrances Christie; Ray Misson
_91205282
245 0 _aLiteracy and Schooling
260 _bTaylor and Francis
260 _c1998
365 _a
365 _b230
856 _uhttp://www.taylorfrancis.com/books/9780203019559
942 _cEBOOK
999 _c1807592
_d1807592